Texas Quiz by Letter - Y - Statistics

General Stats
  • This quiz has been taken 4 times
  • The average score is 4 of 8
Answer Stats
Question Answer % Correct
Another way Texans say "You all" Y'all
100%
A popular folk song which sings about a rose of Texas in this color Yellow
100%
Prequel to the tv show "The Big Bang Theory" which takes place in East Texas in the late 1980s and early 1990s Young Sheldon
100%
In season 4 of this show, Jimmy was sent to the Four Sixes Ranch in Texas, as a punishment for disobeying John Dutton Yellowstone
33%
City in southeastern Texas, with a population around 6,000, known for as the "tomato capital of south central Texas" Yoakum
33%
Location of the annual Western Days Texas Music Festival and known as the "Wildflower capital of Texas" Yorktown
33%
President of Selena Quintanilla's fan club who she later murdered Yolanda Saldivar
0%
A band of Choctaw people who migration from Mississippi to live in Texas and surrounding states in the 19th century who later formed the basis for the Mount Tabor Indian Community Yowani
0%
No matching quizzes found
Score Distribution
Percent of People with Each Score
Percentile by Number Answered
Your Score History
You have not taken this quiz